[Event "Agarr's SC Free for All 2"]
[Site "SchemingMind.com"]
[Date "2006.04.22"]
[Round "-"]
[White "welsh-rarebit"]
[Black "agarr"]
[Result "0-1"]
[WhiteCountry "WLS"]
[BlackCountry "RUS"]
[WhiteElo "1275"]
[WhiteRD "94"]
[BlackElo "1681"]
[BlackRD "67"]
[GameID "47546"]

1. e4 e5 2. d4 exd4 3. Qxd4 Nc6 4. Qd5 Nf6 5. Qd3 h6 6. Nf3 Bc5 7. Be3 Bxe3 8. Qxe3 O-O 9. Nh4 d5 10. Bd3 dxe4
11. Bxe4 Nxe4 12. O-O Qxh4 13. Re1 Nf6 14. g3 Qh3 15. Nc3 Ng4 16. Qf3 Qxh2+ 17. Kf1 Nd4 18. Qg2 Qh5 19. Re4 Nh2+ 20. Ke1 Ndf3+
21. Ke2 Bg4 22. Kd3 Bf5 23. Ke3 Rfe8 24. Rxe8+ Rxe8+
0-1

[Event "Agarr's SC Free for All 2"]
[Site "SchemingMind.com"]
[Date "2006.04.23"]
[Round "-"]
[White "agarr"]
[Black "welsh-rarebit"]
[Result "1-0"]
[WhiteCountry "RUS"]
[BlackCountry "WLS"]
[WhiteElo "1681"]
[WhiteRD "67"]
[BlackElo "1275"]
[BlackRD "94"]
[GameID "47547"]

1. e4 e5 2. Nf3 Nf6 3. Bc4 Nxe4 4. Nxe5 Ng5 5. d4 d6 6. Qh5 g6 7. Bxg5 Be7 8. Nxf7 Qd7 9. Qh4 d5 10. Nxh8 Bxg5
11. Qxg5 Qe6+ 12. Be2 Qe4 13. Qe5+ Be6 14. O-O Qxc2 15. Qxe6+ Kd8 16. Nf7#
1-0

[Event "Agarr's SC Free for All 2"]
[Site "SchemingMind.com"]
[Date "2006.04.22"]
[Round "-"]
[White "Tkach"]
[Black "welsh-rarebit"]
[Result "0-1"]
[WhiteCountry "CRO"]
[BlackCountry "WLS"]
[WhiteElo "1103"]
[WhiteRD "205"]
[BlackElo "1295"]
[BlackRD "77"]
[GameID "47550"]

1. e4 e5 2. Nf3 Bc5 3. Nc3 Nf6 4. Nxe5 Qe7 5. Nd3 d6 6. Nxc5 dxc5 7. d3 Bg4 8. Be2 Bxe2 9. Qxe2 O-O 10. Bg5 Qe5
11. Bxf6 Qxf6 12. Nd5 Qxb2 13. O-O Qe5 14. f4 Qd6
0-1

[Event "Agarr's SC Free for All 2"]
[Site "SchemingMind.com"]
[Date "2006.04.22"]
[Round "-"]
[White "welsh-rarebit"]
[Black "Tkach"]
[Result "1-0"]
[WhiteCountry "WLS"]
[BlackCountry "CRO"]
[WhiteElo "1295"]
[WhiteRD "77"]
[BlackElo "1103"]
[BlackRD "205"]
[GameID "47552"]

1. e4 c5 2. d4 cxd4 3. Qxd4 Nc6 4. Qd5 e6 5. Qh5 Nf6 6. Qf3 Be7 7. Bb5 Nd4 8. Qd3 Nxb5 9. Qxb5 Nxe4 10. Qe5 Nf6
11. a3 d6 12. Qg5 O-O 13. Nh3
1-0

[Event "Agarr's SC Free for All 2"]
[Site "SchemingMind.com"]
[Date "2006.04.22"]
[Round "-"]
[White "MatdeInverses"]
[Black "welsh-rarebit"]
[Result "1-0"]
[WhiteCountry "USA"]
[BlackCountry "WLS"]
[WhiteElo "1898"]
[WhiteRD "52"]
[BlackElo "1275"]
[BlackRD "94"]
[GameID "47560"]

1. e4 e5 2. f4 exf4 3. Bc4 Qh4+ 4. Kf1 Bc5 5. d4 Bb6 6. Nf3 Qf6 7. Nc3 Nc6 8. e5 Qd8 9. Bxf4 Nge7 10. d5 Na5
11. Bd3 d6 12. exd6 cxd6 13. b4 Nxd5 14. Nxd5 Nc6 15. c4 Be6 16. Nxb6 Qxb6 17. Bxd6 Nxb4 18. Qa4+ Bd7 19. Qxb4 Qa6 20. Re1+ Kd8
21. Be7+ Kc8 22. Qc5+ Bc6 23. Bf5+ Kc7 24. Qe5+ Kb6 25. Bc5+ Ka5 26. Qc3+ Ka4 27. Qb4#
1-0

[Event "Agarr's SC Free for All 2"]
[Site "SchemingMind.com"]
[Date "2006.04.22"]
[Round "-"]
[White "MatdeInverses"]
[Black "Tkach"]
[Result "1-0"]
[WhiteCountry "USA"]
[BlackCountry "CRO"]
[WhiteElo "1956"]
[WhiteRD "47"]
[BlackElo "1103"]
[BlackRD "205"]
[GameID "47561"]

1. e4 c5 2. d4 cxd4 3. Nf3 e5 4. c3 d3 5. Nxe5 Qe7 6. Nxd3 Qxe4+ 7. Be3 Nc6 8. Nd2 Qg6 9. Nf4 Qd6 10. Nc4 Qxd1+
11. Rxd1 Nf6 12. Be2 Be7 13. Nd6+ Bxd6 14. Rxd6 Ne4 15. Rd1
1-0

[Event "Agarr's SC Free for All 2"]
[Site "SchemingMind.com"]
[Date "2006.04.23"]
[Round "-"]
[White "agarr"]
[Black "MatdeInverses"]
[Result "0-1"]
[WhiteCountry "RUS"]
[BlackCountry "USA"]
[WhiteElo "1681"]
[WhiteRD "67"]
[BlackElo "1898"]
[BlackRD "52"]
[GameID "47562"]

1. e4 e5 2. Nf3 d5 3. exd5 e4 4. Qe2 Nf6 5. Nc3 Be7 6. Ng5 O-O 7. Ngxe4 Re8 8. d3 c6 9. dxc6 Nxc6 10. Be3 Nxe4
11. Nxe4 f5 12. Nc3 Bb4 13. f4 Nd4
0-1

[Event "Agarr's SC Free for All 2"]
[Site "SchemingMind.com"]
[Date "2006.04.22"]
[Round "-"]
[White "welsh-rarebit"]
[Black "MatdeInverses"]
[Result "0-1"]
[WhiteCountry "WLS"]
[BlackCountry "USA"]
[WhiteElo "1275"]
[WhiteRD "94"]
[BlackElo "1898"]
[BlackRD "52"]
[GameID "47563"]

1. e4 e5 2. d4 exd4 3. Qxd4 Nc6 4. Qd5 Nf6 5. Qc4 d5 6. exd5 Qxd5 7. Bg5 Qxg5 8. Nf3 Qc1+ 9. Ke2 Qxb2 10. Nc3 Qxa1
11. Nd2 Bb4 12. Nde4 Bxc3 13. Nxc3 Qc1 14. Nd1 O-O 15. Ke1 Bg4 16. f3 Rfe8+ 17. Be2 Rxe2+ 18. Qxe2 Re8 19. Qxe8+ Nxe8 20. fxg4 Qxc2
21. a3 Qe4+ 22. Kf1 Nd4 23. Kf2 Qe2+ 24. Kg3 Nd6 25. Nf2 Qe3+ 26. Kh4 Qxf2+ 27. g3 Nf3+ 28. Kh3 Ng5+ 29. Kh4 Qf6 30. Rb1 Qh6#
0-1

[Event "Agarr's SC Free for All 2"]
[Site "SchemingMind.com"]
[Date "2006.04.22"]
[Round "-"]
[White "Tkach"]
[Black "MatdeInverses"]
[Result "0-1"]
[WhiteCountry "CRO"]
[BlackCountry "USA"]
[WhiteElo "1103"]
[WhiteRD "205"]
[BlackElo "1956"]
[BlackRD "47"]
[GameID "47564"]

1. e4 e5 2. Nf3 d5 3. Nxe5 dxe4 4. Bc4 Qg5 5. Bxf7+ Ke7 6. Qh5 Qxg2 7. Bb3 Qxh1+ 8. Ke2 Nf6 9. Qf7+ Kd8 10. Qc4 Nc6
11. Nf7+ Ke8 12. Nxh8 Bg4+ 13. f3 Qg2+ 14. Ke1 Qg1+ 15. Qf1 Qxf1+ 16. Kxf1 Bh3+ 17. Kf2 Nd4 18. Nf7 Nxb3
0-1

[Event "Agarr's SC Free for All 2"]
[Site "SchemingMind.com"]
[Date "2006.04.23"]
[Round "-"]
[White "Zugzwang"]
[Black "MatdeInverses"]
[Result "0-1"]
[WhiteCountry "CAN"]
[BlackCountry "USA"]
[WhiteElo "1585"]
[WhiteRD "69"]
[BlackElo "1956"]
[BlackRD "47"]
[GameID "47683"]

1. d4 d5 2. Nf3 c5 3. c3 e6 4. e3 Nf6 5. Bd3 Nc6 6. O-O Bd6 7. Nbd2 b6 8. e4 dxe4 9. Nxe4 Nxe4 10. Bxe4 Bd7
11. d5 exd5 12. Bxd5 Be7 13. Re1 O-O 14. Re4 Bf6 15. Rf4 Rc8 16. h3 Ne5 17. Nxe5 Bxe5 18. Re4 Bf6 19. Bf4 Bf5 20. Re1 Re8
21. Rxe8+ Qxe8 22. Qh5 Bg6 23. Qg4 Rd8 24. Bc4 b5 25. Bb3 c4 26. Bd1 Qe1+ 27. Kh2 Qxf2 28. Rb1 Bxb1 29. Bf3 Qxb2
0-1

[Event "Agarr's SC Free for All 2"]
[Site "SchemingMind.com"]
[Date "2006.04.23"]
[Round "-"]
[White "Zugzwang"]
[Black "welsh-rarebit"]
[Result "1-0"]
[WhiteCountry "CAN"]
[BlackCountry "WLS"]
[WhiteElo "1543"]
[WhiteRD "74"]
[BlackElo "1275"]
[BlackRD "94"]
[GameID "47684"]

1. d4 d5 2. Nf3 Nc6 3. e3 Bg4 4. c4 Nh6 5. Qb3 e6 6. Qxb7 Ne7 7. Ne5 dxc4 8. Bxc4 Nhf5 9. Bb5+ c6 10. Nxc6 Nxc6
11. Bxc6+ Qd7 12. Qxd7#
1-0

[Event "Agarr's SC Free for All 2"]
[Site "SchemingMind.com"]
[Date "2006.04.24"]
[Round "-"]
[White "agarr"]
[Black "Zugzwang"]
[Result "1-0"]
[WhiteCountry "RUS"]
[BlackCountry "CAN"]
[WhiteElo "1706"]
[WhiteRD "66"]
[BlackElo "1539"]
[BlackRD "67"]
[GameID "47686"]

1. e4 e5 2. Nf3 Nf6 3. Nc3 Bb4 4. Bc4 O-O 5. O-O c6 6. Nxe5 Re8 7. Bxf7+ Kf8 8. Bxe8 Qxe8 9. d4 Bxc3 10. bxc3 Nxe4
11. Re1 d5 12. f3 Nxc3 13. Ng6+ Qxg6 14. Qd2 Nb5 15. a4 Nd6 16. Ba3 Na6 17. Qf4+ Bf5 18. Bxd6+ Kg8 19. c3 Bh3 20. Qg3 Qxg3
21. hxg3 Bf5 22. Re5 Bd3 23. Rae1 h6 24. Re8+ Rxe8 25. Rxe8+ Kh7 26. Re7 b5 27. a5 h5 28. Rxa7 b4 29. cxb4 Kg6 30. Kf2 Kf5
31. Rxg7 Ke6 32. Bc5 Nxc5 33. dxc5 Kf6 34. Rd7 Ke6 35. Rd6+ Ke5 36. Rxc6 Bb5 37. Rh6 Be8 38. a6 d4 39. a7
1-0

[Event "Agarr's SC Free for All 2"]
[Site "SchemingMind.com"]
[Date "2006.04.23"]
[Round "-"]
[White "MatdeInverses"]
[Black "Zugzwang"]
[Result "1-0"]
[WhiteCountry "USA"]
[BlackCountry "CAN"]
[WhiteElo "1898"]
[WhiteRD "52"]
[BlackElo "1543"]
[BlackRD "74"]
[GameID "47687"]

1. e4 e5 2. d4 exd4 3. Qxd4 Nc6 4. Qe3 Nf6 5. Nc3 Bb4 6. Bd2 O-O 7. O-O-O Re8 8. Bc4 d6 9. f3 Ne5 10. Bb3 Be6
11. Nge2 Bxb3 12. axb3 a5 13. Qg5 c6 14. h4 h6 15. Qe3 b5 16. g4 Bxc3 17. Bxc3 c5 18. g5 hxg5 19. hxg5 a4 20. gxf6 g5
21. Qxg5+ Ng6 22. Qh6
1-0

[Event "Agarr's SC Free for All 2"]
[Site "SchemingMind.com"]
[Date "2006.04.25"]
[Round "-"]
[White "welsh-rarebit"]
[Black "Zugzwang"]
[Result "0-1"]
[WhiteCountry "WLS"]
[BlackCountry "CAN"]
[WhiteElo "1295"]
[WhiteRD "77"]
[BlackElo "1585"]
[BlackRD "69"]
[GameID "47688"]

1. e4 e5 2. d4 exd4 3. Qxd4 Nc6 4. Qc4 d6 5. Qd5 Be6 6. Qb5 Rb8 7. Bf4 Qf6 8. Bg5 Qg6 9. Bd3 Be7 10. Nf3 Bxg5
11. Nxg5 a6 12. Qa4 Qxg5 13. g3 Nf6 14. f4 Qc5 15. Kd2 O-O 16. c4 Qf2+ 17. Kc3 b5 18. cxb5 axb5 19. Bxb5 Qf3+ 20. Bd3 Qxh1
21. Qxc6 Qxh2 22. Nd2 Qxg3 23. f5 Qe5+ 24. Kc2 Qxb2+ 25. Kd1 Qxa1+ 26. Ke2 Bxa2 27. Qxc7 Rfe8 28. Nc4 Bxc4 29. Bxc4 Rxe4+ 30. Kd2 Rb2+
31. Kd3 Qa3+ 32. Bb3 Qxb3+ 33. Qc3 Qb5+ 34. Qc4 Qxc4#
0-1

[Event "Agarr's SC Free for All 2"]
[Site "SchemingMind.com"]
[Date "2006.04.24"]
[Round "-"]
[White "lacus66"]
[Black "Zugzwang"]
[Result "0-1"]
[WhiteCountry "HUN"]
[BlackCountry "CAN"]
[WhiteElo "1586"]
[WhiteRD "111"]
[BlackElo "1585"]
[BlackRD "69"]
[GameID "47729"]

1. d4 f5 2. Nc3 Nf6 3. Bg5 e6 4. e4 Be7 5. exf5 exf5 6. Nf3 d6 7. Bd3 O-O 8. O-O Nc6 9. Re1 Re8 10. Bxf6 Bxf6
11. Rxe8+ Qxe8 12. Nb5 Qe7 13. c3 a6 14. d5 axb5 15. dxc6 bxc6 16. Rc1 Rxa2 17. Ra1 Rxa1 18. Qxa1 Bd7 19. Qc1 g6 20. Qc2 Kg7
21. Qd2 c5 22. Be2 Bc6 23. Ne1 Be5 24. Nf3 Bxf3 25. Bxf3 Kf6 26. Be2 c6 27. Kf1 Bxh2 28. g3 Qe4 29. Qd3 Qh1#
0-1

[Event "Agarr's SC Free for All 2"]
[Site "SchemingMind.com"]
[Date "2006.04.24"]
[Round "-"]
[White "lacus66"]
[Black "agarr"]
[Result "0-1"]
[WhiteCountry "HUN"]
[BlackCountry "RUS"]
[WhiteElo "1586"]
[WhiteRD "111"]
[BlackElo "1711"]
[BlackRD "66"]
[GameID "47730"]

1. d4 d5 2. e4 dxe4 3. Nc3 Bf5 4. f3 exf3 5. Nxf3 e6 6. Bd3 Bxd3 7. Qxd3 a6 8. O-O Bd6 9. Ne4 h6 10. Qb3 b6
11. Nfd2 Nc6 12. Qf3 f5 13. Qh5+ Kd7 14. Nxd6 cxd6 15. d5 exd5 16. Qxf5+ Kc7 17. Qxd5 Nf6 18. Qb3 Kb7 19. Rd1 Ka7 20. Nc4 d5
21. Be3 dxc4 22. Qxc4 Qc7 23. b4 Rac8 24. b5 Na5 25. Qb4 Nc4 26. Bf2 a5 27. Qc3 Ne4 28. Qf3 Nxf2 29. Qxf2 Rhf8 30. Qe2 Qc5+
31. Kh1 Ne5 32. Rac1 Rf2
0-1

[Event "Agarr's SC Free for All 2"]
[Site "SchemingMind.com"]
[Date "2006.04.24"]
[Round "-"]
[White "lacus66"]
[Black "MatdeInverses"]
[Result "0-1"]
[WhiteCountry "HUN"]
[BlackCountry "USA"]
[WhiteElo "1586"]
[WhiteRD "111"]
[BlackElo "1956"]
[BlackRD "47"]
[GameID "47731"]

1. d4 d5 2. e4 dxe4 3. Nc3 Nf6 4. f3 exf3 5. Nxf3 Bf5 6. Bd3 Bxd3 7. Qxd3 c6 8. Bg5 Nbd7 9. O-O e6 10. Ne4 Be7
11. Bxf6 Nxf6 12. Nxf6+ Bxf6 13. Rfd1 O-O 14. c3 Qd5 15. c4 Qh5 16. Qe2 Rfd8 17. Rac1 Rd7 18. Rc2 Rad8 19. Rcd2 h6 20. Qe4 Qa5
21. b3 Qa3 22. g3 a5 23. Qe3 a4 24. Qd3 Bxd4+ 25. Nxd4 Rxd4 26. Qc2 axb3 27. axb3 Rxd2 28. Rxd2 Rxd2 29. Qxd2 Qxb3 30. Qf4 b5
31. cxb5 Qxb5
0-1

[Event "Agarr's SC Free for All 2"]
[Site "SchemingMind.com"]
[Date "2006.04.24"]
[Round "-"]
[White "lacus66"]
[Black "welsh-rarebit"]
[Result "0-1"]
[WhiteCountry "HUN"]
[BlackCountry "WLS"]
[WhiteElo "1481"]
[WhiteRD "90"]
[BlackElo "1330"]
[BlackRD "71"]
[GameID "47732"]

1. d4 d5 2. e4 dxe4 3. Nc3 Nc6 4. Bb5 a6 5. Bxc6+ bxc6 6. Nxe4 e6 7. Nf3 Bb7 8. Be3 Nf6 9. Nxf6+ Qxf6 10. Bg5 Qf5
11. O-O c5 12. Re1 Bxf3 13. Qxf3 Qxf3 14. gxf3 cxd4 15. Rad1 c5 16. Bf4 Be7 17. Rd2 g5 18. Bg3 a5 19. Kg2 h5 20. h3 g4
21. fxg4 hxg4 22. hxg4 a4 23. a3 Rg8 24. f3 Ra5 25. Kf2 Rb5 26. Rb1 Bg5 27. f4 Be7 28. Kf3 Rh8 29. g5 Rh3 30. Kg4 Rh8
31. Rh2 Rg8 32. Kf3 f6 33. gxf6 Bxf6 34. Bh4 Bh8 35. Re2 Kd7 36. Rd2 Rf8 37. Bg5 e5 38. Ke4 exf4 39. Bxf4 Rb6 40. c3 Re6+
41. Kd5 Rxf4 42. Kxc5 Rc6+ 43. Kb5 Kc7 44. c4 Rf5+ 45. Kxa4 Rxc4+ 46. Kb3 Rc6 47. Rd3 Rb5+ 48. Ka2 Rcb6
0-1

[Event "Agarr's SC Free for All 2"]
[Site "SchemingMind.com"]
[Date "2006.04.24"]
[Round "-"]
[White "Zugzwang"]
[Black "lacus66"]
[Result "1-0"]
[WhiteCountry "CAN"]
[BlackCountry "HUN"]
[WhiteElo "1585"]
[WhiteRD "69"]
[BlackElo "1586"]
[BlackRD "111"]
[GameID "47734"]

1. d4 g6 2. Nf3 Bg7 3. e3 Nf6 4. Bd3 O-O 5. O-O d6 6. b3 Nd5 7. Bb2 Bg4 8. c4 Nb6 9. Nc3 e5 10. h3 Bd7
11. Rc1 exd4 12. Nxd4 Bxd4 13. exd4 Nc6 14. Qd2 Nxd4 15. Qf4 Ne6 16. Qh6 Qg5 17. Ne4 Qxh6 18. Nf6+ Kh8 19. Ng4+ Ng7 20. Nxh6 f6
21. Rfe1 d5 22. cxd5 Nxd5 23. Be4 Be6 24. Bxd5 Bxd5 25. Rxc7 b6 26. Ree7
1-0

[Event "Agarr's SC Free for All 2"]
[Site "SchemingMind.com"]
[Date "2006.04.24"]
[Round "-"]
[White "agarr"]
[Black "lacus66"]
[Result "0-1"]
[WhiteCountry "RUS"]
[BlackCountry "HUN"]
[WhiteElo "1711"]
[WhiteRD "66"]
[BlackElo "1586"]
[BlackRD "111"]
[GameID "47735"]

1. e4 e5 2. Nf3 Nf6 3. Nc3 Bb4 4. d3 d5 5. exd5 Nxd5 6. Bd2 O-O 7. Nxd5 Bxd2+ 8. Qxd2 Qxd5 9. Be2 Nc6 10. O-O Rd8
11. Qc3 f6 12. h3 Be6 13. Nd2 Nd4 14. Bf3 Nxf3+ 15. Nxf3 Bxh3 16. Qxc7 Bg4 17. Qc4 Rac8 18. Qxg4 Rxc2 19. b3 Qc5 20. Qe4 b6
21. Ne1 Rb2 22. Qc4+ Qxc4 23. dxc4 Rdd2 24. Nf3 Re2 25. Rab1 Rxa2 26. b4 Kf7 27. Ne1 h5 28. c5 Reb2 29. Rxb2 Rxb2 30. Nd3 Rb3
31. Rd1 bxc5 32. bxc5 Rc3 33. f3 g5 34. Kf2 Ke6 35. Ke3 Rc2 36. Rc1 Rxc1 37. Nxc1 a5 38. Kd3 Kd5 39. Nb3 a4 40. Nd2 f5
41. Nc4 e4+ 42. fxe4+ fxe4+ 43. Kc3 Kxc5 44. Na3 g4 45. Kd2 h4 46. Ke3 h3 47. gxh3 gxh3 48. Kf2 e3+ 49. Kg1 e2
0-1

[Event "Agarr's SC Free for All 2"]
[Site "SchemingMind.com"]
[Date "2006.04.24"]
[Round "-"]
[White "MatdeInverses"]
[Black "lacus66"]
[Result "1-0"]
[WhiteCountry "USA"]
[BlackCountry "HUN"]
[WhiteElo "1956"]
[WhiteRD "47"]
[BlackElo "1586"]
[BlackRD "111"]
[GameID "47736"]

1. e4 e5 2. f4 exf4 3. Bc4 Qh4+ 4. Kf1 Nc6 5. d4 d6 6. Nf3 Bg4 7. c3 Nf6 8. Bxf7+ Kxf7 9. Qb3+ Be6 10. d5 Bxd5
11. exd5 Na5 12. Nxh4 Nxb3 13. axb3 g5 14. Nf3 Bh6 15. c4 Rhe8 16. Nc3 a6 17. h4 Kg7 18. hxg5 Bxg5 19. Nxg5
1-0

[Event "Agarr's SC Free for All 2"]
[Site "SchemingMind.com"]
[Date "2006.04.25"]
[Round "-"]
[White "welsh-rarebit"]
[Black "lacus66"]
[Result "0-1"]
[WhiteCountry "WLS"]
[BlackCountry "HUN"]
[WhiteElo "1330"]
[WhiteRD "71"]
[BlackElo "1481"]
[BlackRD "90"]
[GameID "47737"]

1. e4 e5 2. Nf3 Nf6 3. Bd3 d5 4. Nxe5 Bd6 5. Nxf7 Kxf7 6. e5 Bxe5 7. c4 Re8 8. Nc3 Bxc3+ 9. Be2 Bb4 10. Qb3 Bc5
11. cxd5 Qxd5 12. Kd1 Qxb3+ 13. axb3 Bxf2 14. Rf1 Bd4 15. g4 g5 16. d3 h6 17. Ra4 c5 18. b4 Be6 19. Kd2 b5 20. Ra5 a6
21. Bf3 Ra7 22. bxc5 Bxc5 23. Ra3 Bxa3 24. bxa3 Ke7 25. h3 Nfd7 26. Re1 Nf6 27. Bb2 Nbd7 28. Bc6 Rc7 29. Bf3 Kf7 30. Ra1 Bd5
31. Bxd5+ Nxd5 32. Rf1+ N7f6 33. Bd4 Rc6 34. Bf2 Nf4 35. Be3 Nxh3 36. Rh1 Nxg4 37. Rf1+ Rf6 38. Rxf6+ Kxf6 39. Bd4+ Ne5 40. Kc3 Kf5
41. Bc5 Rc8 42. Kd4 g4 43. Bd6 Nf3+ 44. Kd5 Nf4+ 45. Bxf4 Kxf4 46. Kd6 g3 47. Kd7 Rc3
0-1

[Event "Agarr's SC Free for All 2"]
[Site "SchemingMind.com"]
[Date "2006.04.24"]
[Round "-"]
[White "MatdeInverses"]
[Black "Nut"]
[Result "1-0"]
[WhiteCountry "USA"]
[BlackCountry "USA"]
[WhiteElo "1956"]
[WhiteRD "47"]
[BlackElo "1159"]
[BlackRD "133"]
[GameID "47832"]

1. e4 e5 2. f4 d5 3. exd5 exf4 4. Nf3 Nf6 5. c4 Bc5 6. d4 Bb4+ 7. Nc3 Bg4 8. Qa4+ c6 9. Qxb4 Qe7+ 10. Qxe7+ Kxe7
11. Ne5 Bh5 12. Bxf4 Rd8 13. dxc6
1-0

[Event "Agarr's SC Free for All 2"]
[Site "SchemingMind.com"]
[Date "2006.04.25"]
[Round "-"]
[White "jlowrey"]
[Black "Zugzwang"]
[Result "1-0"]
[WhiteCountry "USA"]
[BlackCountry "CAN"]
[WhiteElo "1584"]
[WhiteRD "138"]
[BlackElo "1585"]
[BlackRD "69"]
[GameID "47836"]

1. d4 f5 2. c4 Nf6 3. Nc3 e6 4. Nf3 c6 5. Bg5 d5 6. e3 Be7 7. Bxf6 Bxf6 8. Bd3 O-O 9. c5 Bd7 10. O-O Be8
11. Qb3 Qc7 12. h3 Bh5 13. Ne5 Nd7 14. Nxd7 Qxd7 15. Be2 Bxe2 16. Nxe2 b5 17. Qc3 a5 18. a3 a4 19. f4 Rab8 20. b3 axb3
21. Qxb3 Rb7 22. Nc3 Rfb8 23. Na2 Qf7 24. Nb4 Rc8 25. Kf2 Qh5 26. Rh1 Rf7 27. Rag1 Bh4+ 28. g3 Bd8 29. Qd3 Rf6 30. g4 Qh4+
31. Kf3 Bc7 32. Nxc6 e5 33. Ne7+ Kf8 34. dxe5 Kxe7 35. exf6+ Qxf6 36. Qxd5 g6 37. c6 Qc3 38. Qd7+ Kf6 39. g5#
1-0

[Event "Agarr's SC Free for All 2"]
[Site "SchemingMind.com"]
[Date "2006.04.24"]
[Round "-"]
[White "jlowrey"]
[Black "agarr"]
[Result "1-0"]
[WhiteCountry "USA"]
[BlackCountry "RUS"]
[WhiteElo "1614"]
[WhiteRD "92"]
[BlackElo "1706"]
[BlackRD "66"]
[GameID "47837"]

1. d4 d5 2. c4 dxc4 3. Nc3 b6 4. e3 Bb7 5. Nf3 g6 6. Bxc4 Nf6 7. Qa4+ Bc6 8. Bxf7+ Kxf7 9. Ne5+ Kg7 10. Nxc6 Qd7
11. Nxb8 Qxa4 12. Nxa4 Rxb8 13. f3 e6 14. Nc3 Bb4 15. Bd2 a5 16. g4 Rhe8 17. g5 Nd5 18. Ke2 Bxc3 19. bxc3 b5 20. e4 Nb6
21. f4 Nc4 22. a3 a4 23. Rhf1 Rbd8 24. Be3 c6 25. h4 Rf8 26. e5 Rd5 27. h5 gxh5 28. Rh1 Kg6 29. Rh4 Rfd8 30. Rah1 c5
31. Rxh5 cxd4 32. cxd4 Nxe3 33. Kxe3 Kf5 34. Kf3 Rxd4 35. g6+ Kxg6 36. Rh6+ Kg7 37. Rxh7+ Kg8 38. Rh8+ Kg7 39. R1h7+ Kg6 40. Rh6+ Kg7
41. R8h7+ Kg8 42. Kg4 Rd1 43. Kg5 Rg1+ 44. Kf6 Rf8+ 45. Kxe6 Rf1 46. Rh8+ Kg7 47. Rxf8 Kxf8 48. f5 Rc1 49. Rh8+ Kg7 50. Rb8 Rc3
51. f6+
1-0

[Event "Agarr's SC Free for All 2"]
[Site "SchemingMind.com"]
[Date "2006.04.25"]
[Round "-"]
[White "jlowrey"]
[Black "lacus66"]
[Result "1-0"]
[WhiteCountry "USA"]
[BlackCountry "HUN"]
[WhiteElo "1584"]
[WhiteRD "138"]
[BlackElo "1586"]
[BlackRD "111"]
[GameID "47838"]

1. d4 g6 2. e4 Bg7 3. Nf3 d6 4. Bc4 Bg4 5. h3 Bxf3 6. Qxf3 f6 7. Qb3 Kf8 8. Qxb7 Nd7 9. Qd5 Qe8 10. Nd2 Nb6
11. Qb5 Qxb5 12. Bxb5 a6 13. Bd3 e5 14. Nf3 Ne7 15. b3 Kf7 16. Bd2 c5 17. Ba5 Nd7 18. Bc7 Nc8 19. Bc4+ Ke7 20. dxe5 fxe5
21. Ng5 h6 22. Nf7 Rf8 23. O-O-O Rxf7 24. Bxf7 Kxf7 25. Bxd6 Nxd6 26. Rxd6 Bf8 27. Rxd7+
1-0

[Event "Agarr's SC Free for All 2"]
[Site "SchemingMind.com"]
[Date "2006.04.25"]
[Round "-"]
[White "jlowrey"]
[Black "MatdeInverses"]
[Result "0-1"]
[WhiteCountry "USA"]
[BlackCountry "USA"]
[WhiteElo "1332"]
[WhiteRD "232"]
[BlackElo "1898"]
[BlackRD "52"]
[GameID "47839"]

1. d4 c5 2. dxc5 e6 3. Nf3 Bxc5 4. e3 Nc6 5. Bd3 Nf6 6. O-O d5 7. Nc3 O-O 8. Na4 Bd6 9. b3 e5 10. Ng5 h6
11. Nxf7 Rxf7 12. Bb2 Bg4 13. Qd2 e4 14. Bb5 Bc7 15. h3 Qd6 16. Bxf6 Qh2#
0-1

[Event "Agarr's SC Free for All 2"]
[Site "SchemingMind.com"]
[Date "2006.04.25"]
[Round "-"]
[White "jlowrey"]
[Black "welsh-rarebit"]
[Result "1-0"]
[WhiteCountry "USA"]
[BlackCountry "WLS"]
[WhiteElo "1584"]
[WhiteRD "138"]
[BlackElo "1295"]
[BlackRD "77"]
[GameID "47841"]

1. d4 Nc6 2. Nf3 d5 3. Nc3 Nf6 4. Bg5 h6 5. Bxf6 exf6 6. a3 f5 7. e3 Bd6 8. Nxd5 Be6 9. Nc3 f4 10. d5 Ne5
11. dxe6 Nxf3+ 12. Qxf3 fxe6 13. exf4 Rf8 14. Qh5+ Kd7 15. g3 Rf5 16. Qf3 c6 17. Bd3 Rf7 18. O-O e5 19. Qg4+ Kc7 20. fxe5 Bxe5
21. Qe6 Re7 22. Qg4 Qe8 23. Qc4 b5 24. Nxb5+ Kb7 25. f4 Bc7 26. Nd4 Bb6 27. Kh1 Bxd4 28. Qxd4 a6 29. Qb4+ Kc7 30. Qa5+ Kb8
31. Bxa6 Rea7 32. Qb6+ Rb7 33. Qxb7#
1-0

[Event "Agarr's SC Free for All 2"]
[Site "SchemingMind.com"]
[Date "2006.04.25"]
[Round "-"]
[White "Zugzwang"]
[Black "jlowrey"]
[Result "1-0"]
[WhiteCountry "CAN"]
[BlackCountry "USA"]
[WhiteElo "1585"]
[WhiteRD "69"]
[BlackElo "1584"]
[BlackRD "138"]
[GameID "47843"]

1. d4 f5 2. c4 e6 3. Nc3 Nf6 4. g3 Be7 5. Bg2 d5 6. b3 b6 7. Nf3 Bb7 8. O-O c5 9. e3 O-O 10. Ne5 Ba6
11. Re1 cxd4 12. exd4 Bb4 13. Bd2 Bxc3 14. Bxc3 Bb7 15. a4 Nc6 16. b4 Ne4 17. Qb3 dxc4 18. Qxc4 Qe7 19. b5 Nxe5 20. dxe5 Bd5
21. Qb4 Qg5 22. f4 Qg6 23. Bxe4 Bxe4 24. Rac1 Rfd8 25. Red1 Rd3 26. Rxd3 Bxd3 27. Qd6 Bc4 28. Bb4 Bd5 29. Rc7 Qe8 30. Re7 Qb8
31. Qd7 Qf8 32. h4 a5 33. Bd6 Rd8 34. Qa7 Bb3 35. Qxb6 Bxa4 36. Qxa5 Ra8 37. Qb4 Qc8 38. Rc7 Qe8 39. b6 Qg6 40. Kf2 Bc6
41. Qc4 Bd5 42. Rc8+ Rxc8 43. Qxc8+ Kf7 44. Qf8#
1-0

[Event "Agarr's SC Free for All 2"]
[Site "SchemingMind.com"]
[Date "2006.04.25"]
[Round "-"]
[White "agarr"]
[Black "jlowrey"]
[Result "1-0"]
[WhiteCountry "RUS"]
[BlackCountry "USA"]
[WhiteElo "1706"]
[WhiteRD "66"]
[BlackElo "1614"]
[BlackRD "92"]
[GameID "47844"]

1. e4 c5 2. Bc4 Nc6 3. Nf3 d6 4. c3 Nf6 5. d3 Bg4 6. Qb3 e6 7. Bg5 Qd7 8. Nbd2 Be7 9. h3 Bxf3 10. Nxf3 Na5
11. Bb5 Nc6 12. d4 a6 13. Bd3 h6 14. Bh4 g5 15. Bg3 d5 16. exd5 exd5 17. Qc2 cxd4 18. Bf5 Qd8 19. O-O dxc3 20. bxc3 Nh5
21. Be5 Bf6 22. Rfe1 O-O 23. Bxf6 Nxf6 24. Ne5 Nxe5 25. Rxe5 Kg7 26. g4 Qc7 27. Rae1 Rae8 28. Rxe8 Nxe8 29. Qa4 Nd6 30. Qd4+ f6
31. Qxd5 Rd8 32. Re6 Nb5 33. Qe4 Rd7 34. Bh7 Kf7 35. Qf5 Nd6 36. Qxf6#
1-0

[Event "Agarr's SC Free for All 2"]
[Site "SchemingMind.com"]
[Date "2006.04.25"]
[Round "-"]
[White "lacus66"]
[Black "jlowrey"]
[Result "1-0"]
[WhiteCountry "HUN"]
[BlackCountry "USA"]
[WhiteElo "1586"]
[WhiteRD "111"]
[BlackElo "1584"]
[BlackRD "138"]
[GameID "47845"]

1. d4 f5 2. Nc3 e6 3. e4 fxe4 4. Nxe4 c6 5. Nf3 Nf6 6. Bg5 Be7 7. Nxf6+ Bxf6 8. Bxf6 Qxf6 9. Be2 O-O 10. O-O a5
11. c3 d6 12. Qd3 e5 13. dxe5 dxe5 14. Qe3 Re8 15. Nd4 Bh3 16. Qxh3 exd4 17. Bc4+ Kh8 18. Bd3 h6 19. Rae1 Rxe1 20. Qc8+
1-0